Reading and language arts for the middle grades : (Record no. 103003)
[ view plain ]
| 000 -LEADER | |
|---|---|
| fixed length control field | 00604nam a2200181 a 4500 |
| 005 - DATE AND TIME OF LATEST TRANSACTION | |
| control field | 20140412111248.0 |
| 008 - FIXED-LENGTH DATA ELEMENTS--GENERAL INFORMATION | |
| fixed length control field | 010330s19uu xx 00 eng d |
| 020 ## - INTERNATIONAL STANDARD BOOK NUMBER | |
| International Standard Book Number | 0-86530-122-0 |
| 050 ## - LIBRARY OF CONGRESS CALL NUMBER | |
| Classification number | TR(GS 372.4 |
| Item number | F776 1987 |
| 100 ## - MAIN ENTRY--PERSONAL NAME | |
| Personal name | Forte, Imogene |
| 245 ## - TITLE STATEMENT | |
| Title | Reading and language arts for the middle grades : |
| Remainder of title | the kid's stuff book of / |
| Statement of responsibility, etc | by Imogene Forte, Marjorie Frank, Joy MacKenzie. |
| 260 ## - PUBLICATION, DISTRIBUTION, ETC. (IMPRINT) | |
| Place of publication, distribution, etc | Nashville, Tennessee : |
| Name of publisher, distributor, etc | Incentive Publications, Inc, |
| Date of publication, distribution, etc | 1987. |
| 300 ## - PHYSICAL DESCRIPTION | |
| Extent | 239 p. |
| 440 ## - SERIES STATEMENT/ADDED ENTRY--TITLE | |
| Title | Kid's Stuff |
| 650 ## - SUBJECT ADDED ENTRY--TOPICAL TERM | |
| Topical term or geographic name as entry element | Reading |
| General subdivision | Activities |
| 650 ## - SUBJECT ADDED ENTRY--TOPICAL TERM | |
| Topical term or geographic name as entry element | Language |
| General subdivision | Activities |
| Withdrawn status | Lost status | Damaged status | Home library | Current library | Shelving location | Date acquired | Source of acquisition | Total Checkouts | Full call number | Barcode | Date last seen | Price effective from | Koha item type |
|---|---|---|---|---|---|---|---|---|---|---|---|---|---|
| Elizalde Library | Elizalde Library | Teachers Reference Section | 04/20/2005 | TR(GS 372.4 F776 1987 | E3574 | 04/12/2014 | 04/12/2014 | Books |